Every Celtic Language - Statistics

General Stats
  • This quiz has been taken 12 times
  • The average score is 7 of 14
Answer Stats
Branch Answer % Correct
Brythonic Cymraeg
100%
Goidelic Gaeilge
100%
Goidelic Gàidhlig
92%
Brythonic Kernewek
92%
Brythonic Brezhoneg
83%
Goidelic Gaelg
75%
Continental Noric
42%
Continental Celtiberian
17%
Brythonic Cumbri
17%
Continental Galatian
17%
Continental Gallaic
17%
Brythonic Pictish
17%
Continental Gaulish
8%
Continental Lepontic
8%
No matching quizzes found
Score Distribution
Percent of People with Each Score
Percentile by Number Answered
Your Score History
You have not taken this quiz